ভারতে সশস্ত্র বিপ্লব / (Record no. 84402)
[ view plain ]
| 000 -LEADER | |
|---|---|
| fixed length control field | 00918nam a2200217 a 4500 |
| 001 - CONTROL NUMBER | |
| control field | 84402 |
| 003 - CONTROL NUMBER IDENTIFIER | |
| rucl marc code | BD-RjUL |
| 005 - DATE AND TIME OF LATEST TRANSACTION | |
| control field | 20241202115905.0 |
| 008 - FIXED-LENGTH DATA ELEMENTS--GENERAL INFORMATION | |
| fixed length control field | 241202s1970 ii ||||| |||| 00| 0 ben d |
| 035 ## - SYSTEM CONTROL NUMBER | |
| System control number | (BD-RjUL)84402 |
| 040 ## - CATALOGING SOURCE | |
| Original cataloging agency | BD-RjUL |
| Language of cataloging | eng |
| Transcribing agency | BD-RjUL |
| 041 ## - LANGUAGE CODE | |
| Language code of text/sound track or separate title | ben |
| 082 ## - DEWEY DECIMAL CLASSIFICATION NUMBER | |
| Edition number | 23 |
| Classification number | 954.03 |
| Author mark and year | RAB 1970 |
| 100 ## - MAIN ENTRY--PERSONAL NAME | |
| Personal name | রক্ষিত-রায়, ভূপেন্দ্রকিশোর |
| 9 (RLIN) | 14506 |
| 245 ## - TITLE STATEMENT | |
| Title | ভারতে সশস্ত্র বিপ্লব / |
| Statement of responsibility, etc. | ভূপেন্দ্রকিশোর রক্ষিত-রায় |
| 260 ## - PUBLICATION, DISTRIBUTION, ETC. (IMPRINT) | |
| Place of publication, distribution, etc. | কলিকাতা : |
| Name of publisher, distributor, etc. | রবীন্দ্র লাইব্রেরী, |
| Date of publication, distribution, etc. | ১৯৭০ |
| 300 ## - PHYSICAL DESCRIPTION | |
| Pagination | ৫৭২ পৃ.; |
| Size | ২২ সেমি. |
| 650 ## - SUBJECT ADDED ENTRY--TOPICAL TERM | |
| Topical term or geographic name as entry element | ভারতবর্ষ |
| Form subdivision | ইতিহাস |
| Chronological subdivision | স্বাধীনতা আন্দোলন |
| 9 (RLIN) | 14507 |
| Topical term or geographic name as entry element | India |
| Form subdivision | History |
| Chronological subdivision | Freedom Movement |
| 9 (RLIN) | 14508 |
| 942 ## - ADDED ENTRY ELEMENTS (KOHA) | |
| Source of classification or shelving scheme | Dewey Decimal Classification |
| Koha item type | Books |
| Lost status | Source of classification or shelving scheme | Damaged status | Not for loan | Collection code | Permanent Location | Current Location | Shelving location | Date acquired | Source of acquisition | Total Checkouts | Full call number | Date last seen | Copy number | Koha item type |
|---|---|---|---|---|---|---|---|---|---|---|---|---|---|---|
| Dewey Decimal Classification | Not For Loan | Non-fiction | Central Library, University of Rajshahi | Central Library, University of Rajshahi | Reading Room | 18/08/1973 | India Govt. | B 954.03 RAB 1970 | 02/12/2024 | C-1 | Books |